Διερευνώντας τα μυστικά του νανόκοσμου Άννα Σπύρτου ... [και ά.].
Saved in:
| Main Authors: | , , , |
|---|---|
| Format: | Book |
| Language: | Greek |
| Published: |
Αθήνα :
Gutenberg,
c2018.
|
| Subjects: | |
| Tags: |
Add Tag
No Tags, Be the first to tag this record!
|
MARC
| LEADER | 00000nam a2200000 a 4500 | ||
|---|---|---|---|
| 001 | 1/117933 | ||
| 008 | 190131s2018####gr | ||| |||| ||gre|| | ||
| 020 | |a 9789600119350 | ||
| 040 | |a GR-MyUa |b gre |c GR-MyUa |e AACR2 | ||
| 041 | 0 | |a gre | |
| 082 | 7 | |a 620.5 |2 (23) | |
| 100 | 1 | |a Σπύρτου, Άννα. | |
| 245 | 1 | 0 | |a Διερευνώντας τα μυστικά του νανόκοσμου / |b Άννα Σπύρτου ... [και ά.]. |
| 260 | |a Αθήνα : |b Gutenberg, |c c2018. | ||
| 300 | |a 126 σ. : |b εικ., πίν., φωτ., σχήμ. ; |c 24 εκ. | ||
| 500 | |a Περιέχει υποσημειώσεις. | ||
| 500 | |a Περιέχει βιογραφικά συγγραφέων. | ||
| 504 | |a Περιλαμβάνει βιβλιογραφίες και βιβλιογραφικές παραπομπές. | ||
| 650 | 0 | |a Nanotechnology. | |
| 650 | 0 | |a Nanoparticles. | |
| 650 | 0 | |a Nanoscience. | |
| 650 | 0 | |a Environmental education |x Study and teaching. | |
| 700 | 1 | |a Σπύρτου, Άννα, |e aui | |
| 700 | 1 | |a Μάνου, Λεωνίδας, |e aut |e aui | |
| 700 | 1 | |a Πέικος, Γιώργος, |e aut |e aui | |
| 700 | 1 | |a Παπαδοπούλου, Πηνελόπη, |e aut |e aui | |
| 852 | |a INST |b RHODES |c EUDOXUS |e 20190131 |h 620.5 ΔΙΕ |p 005400040396 |q 005400040396 |t EDX |y 0 | ||
| 920 | |a Εύδοξος |b Παραγγελία |y Ρόδος-ΤΕΠΑΕΣ |z 2019-01 | ||
| 970 | |a Μαρία |b Κωτάκου |z 31-01-2019 | ||